| 000 | 00688cab a2200217 4500 | ||
|---|---|---|---|
| 001 | WB3521-23 | ||
| 008 | 090401t1999 xxu||||| |||| 00| 0 eng d | ||
| 035 | _a(Sirsi) u93713 | ||
| 041 | _aeng | ||
| 245 | _aGM foods: the debate | ||
| 260 | _c1999 | ||
| 350 | _a0 | ||
| 490 |
_aGuardian _v2 June 1999, 3(3) |
||
| 520 | _aMap of test sites for GM crops across Britain. Government has condemned the map for encouraging 'terrorist tactics'. | ||
| 650 | _aPROPERTY-RURAL AND NATURAL ASSETS-AGRICULTURAL PROPERTY-AGRICULTURAL LAND-ARABLE LAND | ||
| 650 | _aGENETICALLY MODIFIED FOODS | ||
| 650 | _aGENETICALLY MODIFIED CROPS | ||
| 690 | _aLAND | ||
| 942 | _n0 | ||
| 948 | _c02/06/1999 | ||
| 999 |
_c59404 _d59404 |
||